[Event "Campeonato de Aragon por Equipos 2009"]
[Site "Aragon"]
[Date "2009.03.07"]
[Round "6.20"]
[White "Maza Broto Pablo"]
[Black "Felez Casedas Carlos"]
[Result "0-1"]
[WhiteElo "1980"]
[BlackElo "1990"]

1.c4 e6 2.Nf3 Nf6 3.d4 d5 4.Bg5 Be7 5.Bxf6 Bxf6 6.Nc3 O-O 7.e3 c6 8.Qc2 Nd7 9.
Bd3 h6 10.O-O dxc4 11.Bxc4 e5 12.Rfd1 exd4 13.Nxd4 Bxd4 14.Rxd4 Qe7 15.Qe4 Qf6
16.Rad1 Nc5 17.Qc2 Bf5 18.e4 Be6 19.Rd6 Rfd8 20.b4 Rxd6 21.Rxd6 Qe5 22.bxc5
Bxc4 23.Rd1 Qxc5 24.Na4 Qb5 25.Rb1 Bd3 26.Rxb5 Bxc2 27.Rb4 a5 28.Rc4 Bxa4 29.
Rxa4 Kf8 30.f4 Ke7 31.Kf2 b5 32.Ra3 a4 33.Rc3 Kd6 34.Ke3 b4 35.Rd3+ Kc5 36.Rd7
b3 37.axb3 a3 38.Rd1 a2 39.Ra1 Kb4 0-1

[Event "Campeonato de Aragon por Equipos 2009"]
[Site "Aragon"]
[Date "2009.03.07"]
[Round "6.21"]
[White "Villuendas Valero Adrian"]
[Black "Chueca Forcen Alberto"]
[Result "0-1"]
[WhiteElo "2195"]
[BlackElo "2278"]

1.d4 d5 2.c4 e6 3.Nf3 dxc4 4.e3 Nf6 5.Bxc4 c5 6.O-O a6 7.dxc5 Qxd1 8.Rxd1 Bxc5
9.Nbd2 Ke7 10.Nb3 Bd6 11.Bd2 Nbd7 12.Na5 Nb6 13.Bb3 Ne4 14.Be1 Rb8 15.Bc2 Nf6
16.Ng5 Rd8 17.Rxd6 Rxd6 18.Bb4 Ne8 19.Rd1 Nd5 20.Bc5 Bd7 21.Nc4 Rc8 22.Ne4
Rxc5 23.Nxc5 Rc6 24.Nxd7 Rxc4 25.Bb3 Rc7 26.Ne5 f6 27.Nd3 Nb6 28.Nf4 e5 29.Ne2
Nd6 30.g4 Nbc4 31.Rc1 Kd7 32.Rc2 h6 33.Ng3 b5 34.Bxc4 Rxc4 35.Rxc4 Nxc4 36.b3
Nd6 37.Kf1 Kc6 38.Ke2 Kc5 39.a3 e4 40.Kd2 g6 41.h4 a5 42.Kc2 a4 43.h5 g5 44.
Kc3 axb3 45.Kxb3 Kc6 46.Kb4 Kb6 47.Kc3 Kc5 48.Kb3 Kc6 49.Nf5 Nxf5 50.gxf5 Kc5
51.Kc3 Kd5 52.Kb4 Kc6 53.Kb3 Kd5 54.Kb4 Kc6 55.Ka5 Kc5 56.Ka6 b4 57.axb4+ Kxb4
58.Kb6 Kc4 59.Kc6 g4 60.Kd6 Kd3 61.Ke6 Ke2 62.Kxf6 Kxf2 63.Ke5 g3 64.f6 g2 65.
f7 g1=Q 66.f8=Q+ Ke2 67.Qxh6 Qa1+ 68.Kxe4 Qa8+ 69.Ke5 Qe8+ 70.Kf5 Qf7+ 71.Ke5
Qe8+ 72.Kf6 Qc6+ 73.Kg7 Qd7+ 74.Kf6 Qd8+ 75.Kf5 Qd5+ 76.Kf4 Qf7+ 77.Ke4 Qb7+
78.Ke5 Qb8+ 79.Kf5 Qb5+ 80.Kf4 Qb8+ 81.Kg4 Qc8+ 82.Kg3 Qf5 83.Qf4 Qxh5 84.e4
Qe8 85.e5 Kd1 86.Qf5 Qb8 87.Kh4 Ke2 88.e6 Ke3 89.Qg4 Qh8+ 90.Kg5 Qg7+ 91.Kf5
Qf8+ 92.Kg5 Qe7+ 93.Kh6 Qf6+ 94.Qg6 Qh4+ 95.Kg7 Qe7+ 96.Qf7 Qg5+ 97.Kf8 Qd8+
98.Kg7 Qg5+ 99.Kh7 Qh4+ 100.Kg6 Qg4+ 101.Kf6 Qh4+ 102.Ke5 Qd4+ 103.Kf5 Qf4+
104.Kg6 Qg4+ 105.Kh7 Qh4+ 106.Kg8 Qg3+ 107.Qg7 Qb8+ 108.Kf7 Qf4+ 109.Qf6 Qc4
110.Kg6 Qc2+ 111.Qf5 Qc6 0-1

[Event "Campeonato de Aragon por Equipos 2009"]
[Site "Aragon"]
[Date "2009.03.07"]
[Round "6.22"]
[White "Melendez Fierro Juan Bautista"]
[Black "Cantin Zaborras Valentin"]
[Result "1-0"]
[WhiteElo "2249"]
[BlackElo "2117"]

1.e4 c5 2.Nc3 Nc6 3.g3 g6 4.Bg2 Bg7 5.f4 d6 6.Nf3 e6 7.d3 Nge7 8.O-O O-O 9.Be3
b6 10.Bf2 Ba6 11.Re1 Qc7 12.a4 Rad8 13.Nb5 Qb8 14.c3 Bb7 15.Qd2 a6 16.Na3 Ba8
17.Rad1 b5 18.axb5 axb5 19.b4 cxb4 20.cxb4 Rc8 21.d4 d5 22.e5 Na7 23.Bf1 Bc6
24.Rc1 Rfd8 25.g4 Rd7 26.Bh4 Rb7 27.Bf6 Be8 28.Bxg7 Kxg7 29.Rc5 Rcc7 30.Rec1
Bd7 31.Bd3 Qd8 32.R1c2 Be8 33.f5 exf5 34.gxf5 Nxf5 35.Bxf5 gxf5 36.Qf4 Rxc5
37.dxc5 f6 38.Nd4 Kh8 39.Rg2 Bg6 40.Nxf5 1-0

[Event "Campeonato de Aragon por Equipos 2009"]
[Site "Aragon"]
[Date "2009.03.07"]
[Round "6.23"]
[White "Valiente Roy Jose Javier"]
[Black "Hernando Garcia Antonio"]
[Result "0-1"]
[WhiteElo "2088"]
[BlackElo "2202"]

1.c4 c6 2.e4 d5 3.exd5 cxd5 4.cxd5 Qxd5 5.Nc3 Qd8 6.Nf3 Nc6 7.d4 e6 8.a3 Nf6
9.Bg5 Be7 10.Bc4 a6 11.Rc1 b5 12.Ba2 Bb7 13.O-O O-O 14.Re1 Re8 15.d5 Nxd5 16.
Nxd5 Bxg5 17.Rc3 Bh6 18.Ne3 Qxd1 19.Rxd1 Red8 20.Rdc1 Rac8 21.h4 Bf4 22.Bb1
Na5 23.Ng5 h6 24.Ne4 Nc4 25.Bd3 Nxb2 26.Nc5 Nxd3 27.Nxd3 Bd6 28.Nc5 Rxc5 29.
Rxc5 Bxc5 30.Rxc5 Rc8 31.Rxc8+ Bxc8 32.Nc2 a5 33.Kf1 Kf8 34.Ke2 Ke7 35.Kd3 e5
36.Ne3 f5 37.Kc3 Be6 38.Nc2 Kd6 39.Ne1 f4 40.g3 g5 41.hxg5 hxg5 42.gxf4 gxf4
43.Nf3 Bd5 44.Nd2 Kc5 45.Nf1 b4+ 46.axb4+ axb4+ 47.Kb2 Kd4 48.Nh2 e4 0-1

[Event "Campeonato de Aragon por Equipos 2009"]
[Site "Aragon"]
[Date "2009.03.07"]
[Round "6.24"]
[White "Palacios Latasa Elias"]
[Black "Martin Barbero Roberto"]
[Result "1-0"]
[WhiteElo "2192"]
[BlackElo "2012"]

1.e4 g6 2.Nc3 Bg7 3.d4 d6 4.Be3 Nf6 5.h3 O-O 6.Nf3 c6 7.Qd2 e5 8.dxe5 dxe5 9.
Bd3 Re8 10.Bh6 Bh8 11.a4 Nbd7 12.Bc4 Nb6 13.Qxd8 Rxd8 14.Bb3 Be6 15.Bxe6 fxe6
16.Ke2 Nc4 17.b3 Nd6 18.Ng5 Nf7 19.Nxf7 Kxf7 20.Rhd1 Nh5 21.Be3 Nf4+ 22.Kf3
Bf6 23.Rxd8 Rxd8 24.Rd1 a6 25.Rxd8 Bxd8 26.Bxf4 exf4 27.Kxf4 e5+ 28.Ke3 Bb6+
29.Ke2 Ke6 30.Nd1 Bd8 31.g3 Bc7 32.Nb2 Bd6 33.Nd3 g5 34.Ke3 Be7 35.f4 gxf4+
36.gxf4 exf4+ 37.Kxf4 b5 38.c4 h6 39.e5 bxa4 40.bxa4 Bf8 41.Ke4 Ba3 42.Nf4+
Ke7 43.Kf5 Bc1 44.h4 Bd2 45.h5 Be3 46.Ng6+ Kd7 47.Kf6 Ke8 48.Ke6 Bc5 49.Nh4
Be7 50.Nf5 Bf8 51.Nd6+ Kd8 52.Kf7 Be7 53.Nb7+ 1-0

[Event "Campeonato de Aragon por Equipos 2009"]
[Site "Aragon"]
[Date "2009.03.07"]
[Round "6.25"]
[White "Burillo Rodriguez Carlos"]
[Black "Lafarga Santorroman David"]
[Result "1/2-1/2"]
[WhiteElo "2125"]
[BlackElo "2261"]

1.d4 d5 2.c4 dxc4 3.Nc3 a6 4.a4 Nc6 5.Nf3 Bg4 6.Ne5 Nxe5 7.dxe5 Qxd1+ 8.Nxd1
O-O-O 9.f3 Be6 10.Nc3 f6 11.Bf4 g5 12.Bg3 Bg7 13.e4 fxe5 14.a5 Nh6 15.Ra4 Rd6
16.Bxc4 c6 17.Bxe6+ Rxe6 18.Rc4 Rd8 19.Bf2 Nf7 20.Na4 Red6 21.Rc1 Rg6 22.Ba7
Nd6 23.Nb6+ Kc7 24.Nd5+ Kd7 25.Ne3 Ke6 26.Rd1 Rf8 27.h4 h6 28.h5 Rgf6 29.Bc5
Kf7 30.Ng4 Re6 31.b3 Re8 32.Kf2 Rd8 33.Ke3 Ke8 34.Rd3 Nf7 35.Rhd1 Rxd3+ 36.
Kxd3 Nd6 37.Kc3 Bf8 38.Kb4 Bg7 39.Bb6 Bf8 1/2-1/2

[Event "Campeonato de Aragon por Equipos 2009"]
[Site "Aragon"]
[Date "2009.03.07"]
[Round "6.26"]
[White "Soriano Ascaso Ignacio"]
[Black "Bailo Remacha Santiago"]
[Result "1-0"]
[WhiteElo "2154"]
[BlackElo "2038"]

1.b4 e5 2.Bb2 e4 3.c4 f5 4.e3 Nf6 5.Qb3 a5 6.b5 a4 7.Qc3 c6 8.a3 d5 9.d4 cxb5
10.c5 Bd7 11.Nd2 b6 12.Rc1 bxc5 13.dxc5 Qc7 14.h4 Bc6 15.Ne2 Nbd7 16.Nd4 Nxc5
17.h5 Qd7 18.h6 Rg8 19.hxg7 Be7 20.Rh6 Rc8 21.Kd1 Ng4 22.Rxc6 Nxf2+ 23.Kc2
Nfd3 24.Rxc8+ Qxc8 25.Bxd3 exd3+ 26.Kb1 Qd7 27.N2f3 Rxg7 28.Ne5 Qb7 29.Nxf5
Rxg2 30.Nxd3 Nxd3 31.Qxd3 b4 32.Nxe7 bxa3 33.Rc8+ Kd7 34.Qf5+ Kd6 35.Rd8+ Kxe7
36.Qf6# 1-0

[Event "Campeonato de Aragon por Equipos 2009"]
[Site "Aragon"]
[Date "2009.03.07"]
[Round "6.27"]
[White "Galve Guinea Alejandro"]
[Black "Valles Mata David"]
[Result "1/2-1/2"]
[WhiteElo "1956"]
[BlackElo "2147"]

1.d4 d5 2.c4 dxc4 3.Nf3 Nf6 4.Nc3 a6 5.a4 Nc6 6.e4 Bg4 7.Be3 Na5 8.Be2 Bxf3 9.
Bxf3 e6 10.Qc2 c6 11.O-O Be7 12.Rad1 O-O 13.Be2 b5 14.Rd2 Qc7 15.Qb1 Rfd8 16.
f4 Nb3 17.Rdd1 Qb6 18.e5 Nd5 19.Nxd5 cxd5 20.f5 exf5 21.Qxf5 Qg6 22.Qh3 Bg5
23.Bxg5 Qxg5 24.Rf5 Qe7 25.Rh5 h6 26.Bg4 Rab8 27.e6 Rb6 28.Re5 fxe6 29.Bxe6+
Kh8 30.Bxd5 Qa7 31.Rf1 Rbd6 32.Qe3 Qxd4 33.Qxd4 Nxd4 34.Bf7 Rc8 35.Be8 Rf6 36.
axb5 axb5 37.Bxb5 Rb6 38.Re8+ Rxe8 39.Bxe8 Rxb2 40.Bg6 Rb8 41.Rd1 Ne2+ 42.Kf1
Nf4 43.Be4 c3 44.Bc2 g5 45.g3 Nh3 46.Rd6 Rf8+ 47.Ke1 Re8+ 48.Kf1 Rf8+ 49.Ke1
1/2-1/2

[Event "Campeonato de Aragon por Equipos 2009"]
[Site "Aragon"]
[Date "2009.03.07"]
[Round "6.28"]
[White "Alsina Franco Sergi"]
[Black "Gimeno Garcia David"]
[Result "1/2-1/2"]
[WhiteElo "2112"]
[BlackElo "1500"]

1.e4 c5 2.c3 d6 3.Nf3 Nf6 4.Be2 Nbd7 5.d3 e6 6.Bf4 a6 7.e5 dxe5 8.Nxe5 Nxe5 9.
Bxe5 Bd6 10.Bxd6 Qxd6 11.Bf3 Rb8 12.a4 O-O 13.O-O Rd8 14.Be2 Nd5 15.g3 b6 16.
Na3 Bb7 17.Nc4 Qc7 18.Qc2 b5 19.axb5 axb5 20.Nd2 Ra8 21.Nb3 g6 22.Rxa8 Rxa8
23.Qd2 Ra2 24.d4 cxd4 25.Nxd4 Qc5 26.Bf3 Ba6 27.Re1 b4 28.cxb4 Qxb4 29.Qd1
Qxb2 30.Ne2 Bxe2 31.Rxe2 Qa3 32.Re1 Qb2 33.Re2 Qa3 34.Re1 1/2-1/2

[Event "Campeonato de Aragon por Equipos 2009"]
[Site "Aragon"]
[Date "2009.03.07"]
[Round "6.33"]
[White "Hinojar Basa Alfonso"]
[Black "Martinez Asensio Juan M"]
[Result "1/2-1/2"]
[WhiteElo "2216"]
[BlackElo "2180"]

1.e4 c5 2.Nc3 e6 3.Nf3 Nc6 4.d4 cxd4 5.Nxd4 Qc7 6.Be3 Nf6 7.g3 Be7 8.Bg2 O-O
9.O-O d6 10.h3 Bd7 11.Qd2 Nxd4 12.Bxd4 Bc6 13.Rad1 Nd7 14.f4 b5 15.Ne2 Qb7 16.
Qd3 Nc5 17.Bxc5 dxc5 18.g4 Rad8 19.Qe3 Rd7 20.Rxd7 Qxd7 21.e5 Bxg2 22.Kxg2 Rd8
23.Nc3 b4 24.Ne4 Qd4 25.Qxd4 Rxd4 26.Kf3 f5 27.exf6 gxf6 28.f5 exf5 29.gxf5
Kf7 30.Ke3 Bf8 31.Rf2 Bh6+ 32.Kf3 Rd5 33.Kg4 Be3 34.Re2 Bd4 35.c3 Be5 36.c4
Rd8 37.b3 Bd4 38.Kf3 Rd7 39.Rg2 Kf8 40.Ng3 Be5 41.Ne4 Bd4 42.h4 a5 43.h5 a4
44.Rd2 axb3 45.axb3 Ra7 46.Nd6 Re7 47.Ra2 Re3+ 48.Kg4 Rxb3 49.Ra7 Be5 50.Ne4
Ra3 51.Rxh7 b3 52.Rb7 b2 53.h6 Ra1 54.h7 Rh1 55.Nxc5 Rxh7 56.Rb3 Rh1 57.Nd7+
Kg7 58.Nxe5 b1=Q 59.Rxb1 Rxb1 60.Nd3 Rb3 61.Nf4 Rb4 62.c5 Kf7 63.Kf3 Rc4 64.
Ne6 Ke7 65.Ke3 Kd7 66.Kd3 Rg4 67.Ke3 Kc6 68.Kf3 Rc4 69.Ke3 Kd5 70.Kd3 Rg4 71.
Ke3 Re4+ 72.Kf3 Ra4 73.Ke3 Re4+ 74.Kf3 Rc4 75.Ke3 Rc3+ 76.Kf4 Ra3 77.Kg4 Re3
78.Kf4 Re4+ 79.Kf3 Re5 80.Kg4 Kc6 81.Kf4 Kd5 82.Kg4 Re1 83.Nf4+ Ke4 84.Nh5
Rg1+ 85.Ng3+ Kd5 86.Kf4 Kxc5 87.Ne4+ Kd4 88.Nxf6 Rf1+ 89.Kg5 Rxf5+ 90.Kxf5
1/2-1/2

[Event "Campeonato de Aragon por Equipos 2009"]
[Site "Aragon"]
[Date "2009.03.09"]
[Round "6.35"]
[White "Sebastian Bespin Ruben"]
[Black "Dominguez Bujeda Jesus"]
[Result "1-0"]
[WhiteElo "2086"]
[BlackElo "2082"]

1.e4 c5 2.Nf3 Nc6 3.Bb5 g6 4.Bxc6 dxc6 5.h3 Bg7 6.d3 Nf6 7.Nc3 Nd7 8.Be3 e5 9.
Qd2 h6 10.Ne2 Qe7 11.Nh2 Nf8 12.O-O-O Ne6 13.f4 Nd4 14.Nf3 Nxe2+ 15.Qxe2 exf4
16.Bxf4 Be6 17.Kb1 Bxa2+ 18.Kxa2 Qf6 19.Bc1 O-O 20.h4 a5 21.d4 a4 22.Qc4 a3
23.b3 cxd4 24.e5 Qf5 25.Rxd4 c5 26.Rf4 Qc8 27.e6 fxe6 28.Rxf8+ Bxf8 29.Re1 Ra6
30.Nd4 Kf7 31.Nb5 Qc6 32.Rf1+ Ke8 33.Qf4 Qxb5 34.Qxf8+ Kd7 35.Rd1+ Kc7 36.Qd8+
1-0

[Event "Campeonato de Aragon por Equipos 2009"]
[Site "Aragon"]
[Date "2009.03.07"]
[Round "6.37"]
[White "Sig Vargas Marcos"]
[Black "Romon Poves Raul"]
[Result "0-1"]
[WhiteElo "2251"]
[BlackElo "2117"]

1.e4 c5 2.Nc3 d6 3.f4 Nc6 4.Nf3 g6 5.Bc4 Bg7 6.O-O e6 7.Qe1 Nge7 8.d3 O-O 9.
Qh4 Na5 10.f5 gxf5 11.Bh6 Ng6 12.Qh5 f4 13.e5 f6 14.exf6 Qxf6 15.Bg5 Qf7 16.
Rae1 d5 17.Bb3 c4 18.dxc4 dxc4 19.Ba4 a6 20.Rd1 b5 21.Bd8 Nc6 22.Ng5 Qa7+ 23.
Kh1 Bxc3 24.Bb6 Qg7 25.bxc3 Rf5 26.Rd6 h6 27.Rxc6 Rxg5 28.Qh3 Bb7 29.Rc7 Bxg2+
30.Qxg2 Rxg2 31.Rxg7+ Kxg7 32.Kxg2 Kf6 33.Rd1 Rb8 34.Bd8+ Kf5 35.Bb3 Ne5 36.
Be7 Rg8+ 37.Kh3 Nf3 38.Bc5 Rg4 0-1

[Event "Campeonato de Aragon por Equipos 2009"]
[Site "Aragon"]
[Date "2009.03.07"]
[Round "6.39"]
[White "Andreu Sin Raul"]
[Black "Argueso Pascual Jorge"]
[Result "1-0"]
[WhiteElo "2041"]
[BlackElo "1978"]

1.d4 d5 2.c4 e6 3.Nc3 Nf6 4.Bg5 Be7 5.e3 O-O 6.cxd5 exd5 7.Bd3 Re8 8.Nge2 c6
9.O-O Ne4 10.Bf4 Bd6 11.Qc2 f5 12.Rae1 Bxf4 13.Nxf4 Qd6 14.f3 Nxc3 15.bxc3 g6
16.Qd2 Nd7 17.e4 fxe4 18.fxe4 dxe4 19.Bc4+ Kg7 20.Nh5+ gxh5 21.Rxe4 Rf8 22.
Qg5+ Kh8 23.Rxf8+ Qxf8 24.Rf4 Qe8 25.Rf7 Qg8 26.Qe7 1-0

[Event "Campeonato de Aragon por Equipos 2009"]
[Site "Aragon"]
[Date "2009.03.07"]
[Round "6.40"]
[White "Argueso Palomino Manuel"]
[Black "Sig Vargas Pablo"]
[Result "0-1"]
[WhiteElo "1832"]
[BlackElo "1877"]

1.d4 d5 2.Nf3 Nf6 3.e3 e6 4.Bd3 c5 5.c3 Bd6 6.Nbd2 O-O 7.O-O b6 8.e4 dxe4 9.
Nxe4 Bb7 10.Nxd6 Qxd6 11.dxc5 Qxc5 12.Qe2 Nc6 13.Be3 Qh5 14.h3 Rad8 15.Rad1
Ne7 16.Nd4 Qxe2 17.Bxe2 Nfd5 18.Bg5 h6 19.Bc1 g5 20.Bf3 e5 21.Ne2 Ba6 22.Rfe1
f6 23.Ng3 Bc8 24.Rd2 Nf4 25.Red1 Rxd2 26.Rxd2 Neg6 27.Rd6 Kg7 28.Bxf4 Nxf4 29.
Rc6 Be6 30.b3 Rf7 31.Ne4 Bd5 32.Rd6 Bxe4 33.Bxe4 Ne2+ 34.Kf1 Nxc3 35.Bd5 Rc7
36.a4 Nxd5 37.Rxd5 Kg6 38.Rd3 Kf5 39.Ke2 h5 40.Rf3+ Ke6 41.Rd3 e4 42.Rd2 Ke5
43.b4 f5 44.a5 bxa5 45.bxa5 Rc5 46.Ra2 a6 47.f3 Kf4 48.fxe4 fxe4 49.Kf2 h4 50.
Ke2 Rd5 51.Ke1 Ke3 52.Re2+ Kf4 53.Rf2+ Kg3 54.Ra2 Rf5 55.Re2 Rxa5 56.Rxe4 Kxg2
0-1

[Event "Campeonato de Aragon por Equipos 2009"]
[Site "Aragon"]
[Date "2009.03.07"]
[Round "6.41"]
[White "Malo Guillen Jose Luis"]
[Black "Cebrian Valverde Jose Antonio"]
[Result "1/2-1/2"]
[WhiteElo "2162"]
[BlackElo "2200"]

1.d4 c5 2.Nf3 cxd4 3.Nxd4 Nc6 4.g3 g6 5.Bg2 Bg7 6.Nb3 Nf6 7.O-O O-O 8.Nc3 d6
9.h3 Bd7 10.e4 h5 11.Bg5 Qc8 12.Kh2 Nh7 13.Be3 h4 14.gxh4 Nf6 15.f4 Nh5 16.Qd2
Bf6 17.Bf3 Bxh3 18.Rg1 Ng7 19.h5 gxh5 20.Bxh5 Kh7 21.Qe2 Rh8 22.Bxf7 Be6 23.
Bxe6 Qxe6 24.Qg4 Kg8+ 25.Kg3 Bh4+ 26.Kf3 Qf7 27.Ke2 Bf6 28.Rh1 Qc4+ 29.Kd2 Kf7
30.Rxh8 Rxh8 31.Rg1 Rh2+ 32.Rg2 Rh1 33.Qg6+ Kf8 34.Nd5 Nb4 35.Nxb4 Qxb4+ 36.c3
Qc4 37.Bg1 Rh3 38.Nd4 Qxa2 39.Kc2 b5 40.f5 Rxc3+ 41.Kxc3 Qc4+ 42.Kd2 Bxd4 43.
Bxd4 Qxd4+ 44.Kc1 Qe3+ 45.Kb1 Qxe4+ 46.Rc2 Qe1+ 47.Ka2 Qa5+ 1/2-1/2

[Event "Campeonato de Aragon por Equipos 2009"]
[Site "Aragon"]
[Date "2009.03.07"]
[Round "6.42"]
[White "Gimeno Oteo Marco Antonio"]
[Black "Alonso Blasco Jose Miguel"]
[Result "1/2-1/2"]
[WhiteElo "2161"]
[BlackElo "2098"]

1.e4 c6 2.d4 d5 3.exd5 cxd5 4.c4 Nf6 5.Nc3 e6 6.Nf3 Bb4 7.Bd3 dxc4 8.Bxc4 O-O
9.O-O b6 10.Bg5 Bb7 11.Qe2 Nbd7 12.Rfd1 Bxc3 13.bxc3 Qc7 14.Bd3 Qxc3 15.Rac1
Qa5 16.Bxf6 Nxf6 17.Rc7 Bd5 18.Ne5 Qxa2 19.Qxa2 Bxa2 20.Ra1 Bd5 21.Raxa7 Rxa7
22.Rxa7 Ra8 23.Rc7 Ne8 24.Rc1 Nd6 25.f3 f6 26.Nc6 Kf8 27.Nb4 Rc8 28.Ra1 Ra8
29.Rc1 Rc8 30.Ra1 Ra8 1/2-1/2

[Event "Campeonato de Aragon por Equipos 2009"]
[Site "Aragon"]
[Date "2009.03.07"]
[Round "6.43"]
[White "Querol Soro Sergio"]
[Black "Gutierrez Minguenza Ruben"]
[Result "1/2-1/2"]
[WhiteElo "1959"]
[BlackElo "2068"]

1.b4 d5 2.Bb2 Nf6 3.e3 Bg4 4.Be2 Bxe2 5.Qxe2 c6 6.Nf3 e6 7.b5 Bd6 8.O-O O-O 9.
c4 Nbd7 10.Nc3 Nb6 11.bxc6 bxc6 12.cxd5 cxd5 13.d3 Qd7 14.a4 a6 15.a5 Nc8 16.
Na4 Bb4 17.Rfc1 Qe7 18.Ne5 Bd6 19.Nc6 Qe8 20.Qc2 Nd7 21.Qc3 f6 22.Ba3 Rf7 23.
Rab1 Ne5 24.Bxd6 Nxd6 25.Nxe5 fxe5 26.Qxe5 Nb5 27.Nb6 Rd8 28.Rb2 Rf5 29.Qg3 h6
30.Rbc2 Rg5 31.Qh4 Qe7 32.Qh3 Qf7 1/2-1/2

[Event "Campeonato de Aragon por Equipos 2009"]
[Site "Aragon"]
[Date "2009.03.07"]
[Round "6.44"]
[White "Palomar Ramon Santiago"]
[Black "Mombiela de Sus Jose Luis"]
[Result "1/2-1/2"]
[WhiteElo "2022"]
[BlackElo "1957"]

1.e4 d5 2.exd5 Nf6 3.d4 Bg4 4.Nf3 Qxd5 5.Be2 e6 6.O-O Bd6 7.h3 Bh5 8.c4 Qf5 9.
c5 Be7 10.Nc3 Nc6 11.Be3 h6 12.b4 a6 13.Qa4 O-O 14.Rad1 Nd5 15.Nxd5 Qxd5 16.a3
Bg6 17.Bf4 Qe4 18.Be3 Qc2 19.Qxc2 Bxc2 20.Rd2 Be4 21.Bf4 Rac8 22.Rfd1 Rfd8 23.
Ne1 g5 24.Bg3 Bf6 25.Bf3 Bd5 26.Bxd5 Rxd5 27.Nc2 b5 28.Kf1 Rd7 29.d5 exd5 30.
Rxd5 Re7 31.Ne3 a5 32.bxa5 Nxa5 33.Nf5 Re6 34.Rd7 Kh7 35.Bxc7 Nb7 36.Nd6 Nxd6
37.R1xd6 Re7 38.Bb6 Kg7 39.c6 Rxc6 40.Bd8 Rc1+ 41.Rd1 Rxd7 42.Bxf6+ Kxf6 43.
Rxc1 Rd3 44.Rb1 Rxa3 45.Rxb5 1/2-1/2

[Event "Campeonato de Aragon por Equipos 2009"]
[Site "Aragon"]
[Date "2009.03.07"]
[Round "6.45"]
[White "Hernandez Delgado Gabriel"]
[Black "Cid Royo Jonathan"]
[Result "0-1"]
[WhiteElo "2023"]
[BlackElo "2269"]

1.Nf3 c5 2.c4 g6 3.Nc3 Bg7 4.g3 d6 5.Bg2 Nc6 6.O-O e5 7.d3 Nge7 8.Bg5 h6 9.Bd2
Bg4 10.h3 Be6 11.e3 Qd7 12.Kh2 g5 13.Ne1 O-O-O 14.Nd5 f5 15.Bc3 h5 16.Qa4 Kb8
17.f4 h4 18.gxh4 gxf4 19.exf4 Nxd5 20.cxd5 Nd4 21.Qxd7 Bxd7 22.Bxd4 cxd4 23.
Nf3 Bb5 24.Rfd1 Bxd3 25.Rxd3 e4 26.Rdd1 exf3 27.Bxf3 Rxh4 28.Kg3 Bf6 29.Bg2
Rg8+ 30.Kf3 Rh7 31.Rd2 Rhg7 32.Bf1 Rg3+ 33.Ke2 Re3+ 34.Kd1 d3 35.Rg2 Rxg2 36.
Bxg2 Bh4 37.Rc1 Re1+ 38.Kd2 Re2+ 39.Kxd3 Rxg2 0-1

[Event "Campeonato de Aragon por Equipos 2009"]
[Site "Aragon"]
[Date "2009.03.07"]
[Round "6.46"]
[White "Accattato Martin Mario"]
[Black "De la Riva Fernandez Eduardo"]
[Result "1-0"]
[WhiteElo "2084"]
[BlackElo "1972"]

1.e4 e6 2.Nf3 d5 3.Nc3 d4 4.Ne2 c5 5.c3 Nc6 6.cxd4 Nf6 7.e5 Nd5 8.dxc5 Bxc5 9.
d4 Be7 10.Nc3 a6 11.Bd3 b5 12.Be4 Ncb4 13.Qb3 Bb7 14.a3 Nc6 15.Qd1 Nxc3 16.
bxc3 Qc7 17.O-O Na5 18.Bxb7 Qxb7 19.a4 Nc4 20.axb5 axb5 21.Rxa8+ Qxa8 22.Bg5
Qc6 23.Bxe7 Kxe7 24.Ng5 h6 25.Qf3 Qxf3 26.Nxf3 Rc8 27.Rb1 Nb6 28.Rxb5 Rxc3 29.
Kf1 Nd5 30.Rb7+ Rc7 31.Rxc7+ Nxc7 32.Ke2 Nd5 33.g3 Kd7 34.Kd3 Kc6 35.Nd2 Ne7
36.Ne4 Kd5 37.f4 Ng8 38.Nd6 Ne7 39.Nxf7 Nf5 40.g4 Nxd4 41.h4 Nc6 42.h5 Ne7 43.
Nd6 g6 44.g5 gxh5 45.gxh6 Ng6 46.Ke3 h4 47.Kf3 h3 48.Ne4 h2 49.Nf2 Nf8 50.Kg3
h1=Q 51.Nxh1 Ke4 52.Kg4 Nh7 53.Ng3+ Ke3 54.Nh5 Nf8 55.Nf6 Ng6 56.h7 Nh8 57.f5
1-0

[Event "Campeonato de Aragon por Equipos 2009"]
[Site "Aragon"]
[Date "2009.03.07"]
[Round "6.47"]
[White "Machin Torcal Eduardo"]
[Black "Cid Royo Oscar"]
[Result "1/2-1/2"]
[WhiteElo "1896"]
[BlackElo "2080"]

1.e4 c6 2.d4 d5 3.exd5 cxd5 4.Bd3 g6 5.Nf3 Bg7 6.c3 Nc6 7.O-O Nf6 8.Bg5 O-O 9.
Re1 Qc7 10.Nbd2 Re8 11.Nf1 b6 12.Ne3 Qd6 13.Bb5 Bb7 14.Ne5 a6 15.Bxc6 Bxc6 16.
Nxc6 Qxc6 17.Qf3 Ne4 18.Bh4 e6 19.Ng4 Qd6 20.Nf6+ Nxf6 21.Bxf6 b5 22.Bxg7 Kxg7
23.a3 Rec8 24.Qg3 Qxg3 25.hxg3 a5 26.Kf1 Rab8 27.Rec1 Rc4 28.b3 Rc6 29.Ke2 Kf6
30.Kd2 Rbc8 31.Rc2 b4 32.axb4 axb4 33.Rac1 bxc3+ 34.Rxc3 Rxc3 35.Rxc3 Rb8 36.
Rf3+ Ke7 37.Kc3 f5 38.Kb2 h5 39.Ka3 e5 40.dxe5 Ke6 41.Re3 d4 42.Re1 d3 43.f4
Rc8 44.Rd1 Rd8 45.b4 g5 46.Kb3 gxf4 47.gxf4 Rd4 48.g3 h4 49.Kc3 Kd5 50.gxh4
Rxf4 51.Rxd3+ Kxe5 52.b5 1/2-1/2

[Event "Campeonato de Aragon por Equipos 2009"]
[Site "Aragon"]
[Date "2009.03.07"]
[Round "6.48"]
[White "Accattato Martin Nicola"]
[Black "Requena Munguira Jorge"]
[Result "1/2-1/2"]
[WhiteElo "1875"]
[BlackElo "1859"]

1.e4 e5 2.Nf3 Nc6 3.d4 exd4 4.Nxd4 Nf6 5.Nc3 Bb4 6.Nxc6 dxc6 7.Qxd8+ Kxd8 8.
Bg5 h6 9.O-O-O+ Bd7 10.Bxf6+ gxf6 11.Bc4 Ke7 12.Bxf7 Bg4 13.f3 Kxf7 14.fxg4
Bd6 15.h3 Rag8 16.Rhf1 h5 17.gxh5 Rxh5 18.Rd2 Rg3 19.Rdf2 Rh6 20.Ne2 Re3 21.
Nc3 Rg3 22.Rf5 Ke6 23.R1f2 Rhg6 24.Kd1 Rxg2 25.Rxf6+ Rxf6 26.Rxg2 Rh6 27.Rg5
Rxh3 28.Ke2 Be5 29.Nd1 Rh2+ 30.Kd3 Bf4 31.Rf5 Rh3+ 32.Kd4 Bh6 33.Nf2 Be3+ 34.
Kc4 Bxf2 35.Rxf2 Rh4 36.Kd3 c5 37.Rf3 c4+ 38.Kd4 Rh2 39.Rc3 b5 40.b3 1/2-1/2

[Event "Campeonato de Aragon por Equipos 2009"]
[Site "Aragon"]
[Date "2009.03.07"]
[Round "6.49"]
[White "Gavin Roche Enrique"]
[Black "Horton Justin"]
[Result "1/2-1/2"]
[WhiteElo "2278"]
[BlackElo "2137"]

1.d4 d5 2.c4 c6 3.cxd5 cxd5 4.Nc3 Nf6 5.Bf4 Nc6 6.e3 a6 7.Bd3 Bg4 8.Qb3 Na5 9.
Qc2 Nc6 10.h3 Bd7 11.a3 Rc8 12.Nf3 e6 13.O-O Be7 14.Bh2 b5 15.Rfc1 Na5 16.Ne5
Nc4 17.e4 Nxe5 18.dxe5 Nxe4 19.Bxe4 dxe4 20.Qxe4 Bc6 21.Qg4 O-O 22.Rd1 Qb6 23.
Bf4 Rfd8 24.Bh6 g6 25.Bg5 Qc7 26.Bxe7 Qxe7 27.Ne4 Bxe4 28.Qxe4 Qc5 29.h4 h5
30.g3 Rd5 31.Rxd5 exd5 32.Qf4 Qc4 33.Qf6 Qc6 34.Qg5 d4 35.Re1 Qe6 36.Rd1 Rc5
37.Qd8+ Kg7 38.Qxd4 Qxe5 39.Qxe5+ Rxe5 40.Rd6 a5 41.Rb6 Kf8 42.Rb7 Rd5 43.Kg2
Rf5 44.Kf1 1/2-1/2

[Event "Campeonato de Aragon por Equipos 2009"]
[Site "Aragon"]
[Date "2009.03.07"]
[Round "6.50"]
[White "Van Ojik Mark"]
[Black "Abos Rosico Antonio"]
[Result "1-0"]
[WhiteElo "2047"]
[BlackElo "2204"]

1.e4 e5 2.Nf3 Nc6 3.Bc4 Nf6 4.d3 Bc5 5.Nc3 d6 6.Bg5 h6 7.Bh4 a6 8.Nd5 Be6 9.c3
Bxd5 10.Bxd5 g5 11.Bxc6+ bxc6 12.Bg3 Bb6 13.Qc2 Qd7 14.d4 Qg4 15.O-O-O Nxe4
16.Rhe1 Nxg3 17.hxg3 O-O-O 18.dxe5 dxe5 19.Nxe5 Rxd1+ 20.Rxd1 Qe6 21.Nd7 Rd8
22.Nxb6+ cxb6 23.Rxd8+ Kxd8 24.b3 Kc7 25.Kb2 b5 26.Qd2 c5 27.Qd1 1-0

[Event "Campeonato de Aragon por Equipos 2009"]
[Site "Aragon"]
[Date "2009.03.07"]
[Round "6.51"]
[White "Lopez Guaita Fernando"]
[Black "Gonzalez Gambau Jorge"]
[Result "0-1"]
[WhiteElo "2062"]
[BlackElo "2033"]

1.e4 c6 2.d4 d5 3.exd5 cxd5 4.c4 Nf6 5.Nc3 Nc6 6.Nf3 Bg4 7.Be2 e6 8.O-O dxc4
9.Qa4 Be7 10.Qxc4 O-O 11.h3 Bh5 12.Be3 Rc8 13.Qa4 Nd5 14.Ne4 Qb6 15.Rab1 Bg6
16.Nfd2 f5 17.Nc5 f4 18.Nc4 Qb4 19.Qxb4 Ndxb4 20.Bd2 Nxd4 21.Rbe1 Bxc5 22.Ne5
Nxe2+ 23.Rxe2 Bd3 24.Bxb4 Bxe2 0-1

[Event "Campeonato de Aragon por Equipos 2009"]
[Site "Aragon"]
[Date "2009.03.07"]
[Round "6.52"]
[White "Yanez Acin Gonzalo"]
[Black "Bayod Rubia Angel"]
[Result "1/2-1/2"]
[WhiteElo "1907"]
[BlackElo "2041"]

1.e4 d6 2.d4 c6 3.Nc3 Qc7 4.Nf3 e5 5.Be2 Nf6 6.O-O Be7 7.h3 Nbd7 8.Be3 O-O 9.
Rc1 a6 10.Bd3 b5 11.Ne2 Rb8 12.Ng3 Nb6 13.b3 c5 14.c3 Bb7 15.Bb1 Bc6 16.d5 Bd7
17.Nd2 Ne8 18.Qf3 Qd8 19.Nf5 Bg5 20.Qg3 Bxe3 21.Nxe3 Nf6 22.Qg5 h6 23.Qh4 Nh7
24.Qxd8 Rfxd8 25.f4 f6 26.f5 a5 27.Bc2 Ra8 28.Bd1 a4 29.b4 Rdc8 30.Be2 Ra7 31.
Rc2 Rac7 32.Rfc1 Ng5 33.h4 Nf7 34.a3 Nd8 35.Kf2 Be8 36.g4 Nf7 37.Nf3 Kf8 38.
Bd3 Ke7 39.Be2 Bd7 40.Bd3 Kd8 41.Ke1 Be8 42.Kf2 Nh8 43.g5 cxb4 44.cxb4 Rxc2+
45.Rxc2 Rxc2+ 46.Bxc2 hxg5 47.hxg5 Nf7 48.g6 Nh6 49.Nd2 Kc7 50.Bd3 Nc8 51.Be2
Kb6 52.Nb1 Ng8 53.Nc3 Nge7 54.Ng4 Ng8 1/2-1/2

[Event "Campeonato de Aragon por Equipos 2009"]
[Site "Aragon"]
[Date "2009.03.07"]
[Round "6.53"]
[White "Juberias Segura Santiago"]
[Black "Cobo Garrido Diego Israel"]
[Result "1-0"]
[WhiteElo "2125"]
[BlackElo "2026"]

1.e4 d5 2.exd5 Nf6 3.d4 Nxd5 4.c4 Nf6 5.Be2 e6 6.Nf3 Be7 7.Nc3 O-O 8.O-O b6 9.
Bf4 a6 10.Rc1 Bb7 11.Qc2 c5 12.Rfd1 Qc8 13.d5 exd5 14.cxd5 Rd8 15.d6 Bf8 16.
Ng5 g6 17.Qb3 Qd7 18.Nxf7 1-0

[Event "Campeonato de Aragon por Equipos 2009"]
[Site "Aragon"]
[Date "2009.03.07"]
[Round "6.54"]
[White "Gimeno Diaz Fernando"]
[Black "Antonano Fernandez Avelino"]
[Result "0-1"]
[WhiteElo "1890"]
[BlackElo "2102"]

1.d4 e6 2.Nf3 f5 3.c4 Nf6 4.Nc3 Be7 5.Bf4 O-O 6.e3 d6 7.h3 Qe8 8.Bd3 Nbd7 9.
Qc2 Bd8 10.O-O-O e5 11.dxe5 dxe5 12.Bxf5 exf4 13.Ng5 Qh5 14.exf4 Nc5 15.g4 Qh6
16.Bxc8 Rxc8 17.Qf5 Be7 18.Ne6 g6 19.Qe5 Bd6 20.Rxd6 cxd6 21.Qxd6 Rc6 22.Qe7
Rxe6 23.Qxc5 Qxf4+ 24.Kb1 Ne4 25.Nxe4 Qxe4+ 26.Kc1 Qxh1+ 0-1